000 00555nam a2200181Ia 4500
008 090123s9999 xx 000 0 und d
082 _b10335
100 _aसुर्वे नारायण
245 _aसर्व सुर्वे
250 _a1
260 _bडिंपल प्रकाशन
_c1985
300 _a624
600 _aसुर्वे नारायण
630 _aसर्व सुर्वे
700 _aसुर्वे नारायण
730 _aसर्व सुर्वे
942 _cBOOK
999 _c48400
_d48400